Guess the Zulte Waregem player - Statistics

General Stats
  • This quiz has been taken 5 times
  • The average score is 8 of 12
Answer Stats
Picture Answer % Correct
Davy De Fauw
100%
Onur Kaya
100%
Thorgan Hazard
100%
Tochukwu Nnadi
100%
Alessandro Cordaro
80%
Sander Coopman
80%
Frederik D'Hollander
60%
Geert De Vlieger
60%
Karel D'Haene
60%
Oleksander Drambaiev
40%
Glynor Plet
20%
James Troisi
0%
No matching quizzes found
Score Distribution
Percent of People with Each Score
Percentile by Number Answered
Your Score History
You have not taken this quiz